| 000 | 00520nam a2200193Ia 4500 | ||
|---|---|---|---|
| 005 | 20250423095300.0 | ||
| 008 | 250422s9999 xx 000 0 und d | ||
| 020 | _a9780124166875 | ||
| 050 | _aQP 514.2 .B43/ | ||
| 100 | _aBhagavan, N. V | ||
| 245 | 0 | _aEssentials of medical biochemistry: with clinical cases | |
| 250 | _a2nd ed. | ||
| 260 | _aAmsterdam | ||
| 260 | _bElsevier Inc. | ||
| 260 | _c2015 | ||
| 300 | _a732 p | ||
| 650 | _a Clinical biochemistry. Clinical biochemistry--Case studies | ||
| 942 | _cBK | ||
| 999 |
_c29801 _d29801 |
||